LEADER 01314nam a2200277 4500 001 000000345509 003 CaOOAMICUS 005 20220318103514.0 008 210426s2021 it 000 u ita r 020 $a978-88-575-7464-6 040 $aSeMil$bita 100 1 $aD'Alessio, Davide <1969- >.$0(OLS)http://semarc/name/36655 245 13$aIl tesoro nascosto :$brisonanze bibliche e intuizioni teologiche nel mondo di Machado de Assis /$cDavide D'Alessio. 264 1$aMilano :$bMimesis,$c2021. 300 $a411 p. ;$c21 cm 490 1 $aMimesis. Filosofie ;$v726 650 4$aLetteratura brasiliana.$0(OLS)http://semarc/subject/32537 650 04$aMachado de Assis, Joaquim Maria <1839-1908> - Pensiero teologico.$0(OLS)http://semarc/subject/50345 830 0$aMimesis. Filosofie ;$v726.$0(OLS)http://semarc/title/26164 850 $aSeMil 852 $aSeMil$W1$xVenegono$y1$m1Q II 98$j226237$B236580$CSeMilBibl$Z2$F236580 $81 961 $aD'Alessio don Davide - Omaggio 996 $6020$a978-88-575-7464-6$9(OLS)http://semarc/number/292965 996 $6245$aIl tesoro nascosto :$brisonanze bibliche e intuizioni teologiche nel mondo di Machado de Assis$9(OLS)http://semarc/title/434649 996 $6264$aMilano :$bMimesis$9(OLS)http://semarc/publisher/31844 LEADER 02806nam a2200301 4500 001 000000335321 003 CaOOAMICUS 005 20190723113642.0 008 190723s18031812it 000 u ita r 040 $aSeMil$bita 100 11$aTamburini, Pietro,$d<1737-1827>.$0(OLS)http://semarc/name/71026 245 00$aIntroduzione allo studio della filosofia morale col Prospetto di un corso della medesima, e dei diritti dell'uomo, e delle società del citt. abb. Pietro Tamburini ... Tomo 1. [-7. ed ultimo]. 250 $aNuova edizione ritoccata, ed accresciuta dall'autore 264 1$aIn Pavia :$bPer gli eredi di Pietro GaleazzI,$c1803-1812. 300 $a7 v. ;$c8° 500 $aDescrizione basata sul frontespizio del tomo 1 710 0 $aGaleazzi, Pietro eredi .$0(OLS)http://semarc/name/70857 752 $aIT$dPavia 774 0 $t1: Tomo 1. contenente la introduzione, e la parte 1. del prospetto.$dIn Pavia : Per gli eredi di Pietro GaleazzI, 1803.$w()335323 774 0 $t2: Continuazione del Prospetto di un corso di filosofia morale, e dei diritti dell'uomo, e delle società del citt. abb. Pietro Tamburini ... Tomo 2. contenente la parte 2., e 3. del Prospetto.$dIn Pavia : Per gli eredi di Pietro GaleazzI, 1803.$w()335326 774 0 $t3: Lezioni di filosofia morale sulle traccie del prospetto di un corso della medesima, e dei diritti dell'uomo, e delle società delineato nei due antecedenti volumi del citt. abb. Pietro Tamburini ... Tomo 3.$dIn Pavia : Per gli eredi di Pietro GaleazzI, 1804.$w()335327 774 0 $t4: Lezioni di filosofia morale e di naturale diritto sulle traccie del Prospetto delineato nel 1., e 2. volume dell'abb. Pietro Tamburini ... Tomo 4.$dIn Pavia : Per gli eredi di Pietro GaleazzI, 1806.$w()335329 774 0 $t5: Lezioni di filosofia morale e di naturale diritto sulle traccie del Prospetto delineato nel 1., e 2. volume del abb. Pietro Tamburini ... Tomo 5.$dIn Pavia : Per gli eredi di Pietro GaleazzI, 1806.$w()335330 774 0 $t6: Lezioni di filosofia morale e di naturale diritto sulle traccie del Prospetto delineato nel 1., e 2. volume dell'abb. Pietro Tamburini ... Tomo 6.$dIn Pavia : Per gli eredi di Pietro GaleazzI, 1808.$w()335331 774 0 $t7: Continuazione delle Lezioni di filosofia morale e di naturale e sociale diritto dell'abbate Pietro Tamburini ... Tomo 7. ed ultimo.$dIn Pavia : Per gli eredi di Pietro GaleazzI, 1808.$w()335332 996 $6245$aIntroduzione allo studio della filosofia morale col Prospetto di un corso della medesima, e dei diritti dell'uomo, e delle società del citt. abb. Pietro Tamburini ... Tomo 1. [-7. ed ultimo]$9(OLS)http://semarc/title/424780 996 $6264$aIn Pavia :$bPer gli eredi di Pietro GaleazzI$9(OLS)http://semarc/publisher/58387